000 00389nam a22001457a 4500
003 OSt
005 20220401102305.0
008 220401b |||||||| |||| 00| 0 eng d
020 _a1566706602
040 _cHU
082 _23rd
_a571.95
100 _aLandis
_934959
245 _aIntroduction To Environmental Toxicology Impacts Of Chemicals Upon Ecological Systems
942 _2ddc
_cBOOKS
_n0
999 _c34147
_d34147